书目信息 |
| 题名: |
船舶精通急救
|
|
| 作者: | ;中国海事服务中心 组织编写 | |
| 分册: | ||
| 出版信息: | 大连 大连海事大学出版社 2012 |
|
| 页数: | 164页 | |
| 开本: | 26cm | |
| 丛书名: | ||
| 单 册: | ||
| 中图分类: | R83 | |
| 科图分类: | ||
| 主题词: | 船员--急救--资格考试--教材 | |
| 电子资源: | ||
| ISBN: | 978-7-5632-2720-4 | |
| 000 | 00929nam0 2200253 450 | |
| 001 | 0102515209 | |
| 005 | 20130106143041.0 | |
| 010 | @a978-7-5632-2720-4@dCNY62.00 | |
| 100 | @a20121105d2012 em y0chiy0120 ea | |
| 101 | 0 | @achi |
| 102 | @aCN@b210000 | |
| 105 | @aa z 000yy | |
| 106 | @ar | |
| 200 | 1 | @a船舶精通急救@9Chuan Bo Jing Tong Ji Jiu @f中国海事服务中心组织编写@b专著 |
| 210 | @a大连@c大连海事大学出版社@d2012 | |
| 215 | @a164页@c图@d26cm@e1光盘 | |
| 300 | @a中华人民共和国海船船员培训合格证考试培训教材 | |
| 306 | @a与人民交通出版社合作出版 | |
| 330 | @a本书分为基础理论和实操训练两篇。内容包括:人体解剖生理学、伤病员的病史采集和体格检查、基本护理、外来援助、生命急救的基本技术、船载有毒货物中毒等。 | |
| 606 | 0 | @a船员@x急救@x资格考试@j教材 |
| 690 | @aR83@v5 | |
| 711 | 02 | @a中国海事服务中心@4组织编写@9zhong guo hai shi fu wu zhong xin |
| 801 | 0 | @aCN@bAZmarc@c20230903 |
| 905 | @aBZT@dR83@e1@f2@sR83/1 | |
| 船舶精通急救/中国海事服务中心组织编写.-大连:大连海事大学出版社,2012 |
| 164页:图;26cm+1光盘 |
| 中华人民共和国海船船员培训合格证考试培训教材 |
| ISBN 978-7-5632-2720-4:CNY62.00 |
| 本书分为基础理论和实操训练两篇。内容包括:人体解剖生理学、伤病员的病史采集和体格检查、基本护理、外来援助、生命急救的基本技术、船载有毒货物中毒等。 |
| ● |
| 相关链接 |
|
|
|
正题名:船舶精通急救
索取号:R83/1
 
预约/预借
| 序号 | 登录号 | 条形码 | 馆藏地/架位号 | 状态 | 备注 |
| 1 | 2000029548 | 2000029548 | 旧书回溯/ [索取号:R83/1] | 在馆 | |
| 2 | 2000029560 | 2000029560 | 旧书回溯/ [索取号:R83/1] | 在馆 |